Connecting middle school and college mathematics (CM)²: Algebra connections

保存先:
書誌詳細
第一著者: Papick, Ira J
フォーマット: 図書
言語:Undetermined
出版事項: New Jersey Pearson Prentice Hall 2006
主題:
タグ: タグ追加
タグなし, このレコードへの初めてのタグを付けませんか!
Thư viện lưu trữ: Trung tâm Học liệu Trường Đại học Cần Thơ
LEADER 00653nam a2200217Ia 4500
001 CTU_117872
008 210402s9999 xx 000 0 und d
020 |c 29.12 
082 |a 512.0071 
082 |b P215 
100 |a Papick, Ira J 
245 0 |a Connecting middle school and college mathematics (CM)²: 
245 0 |b Algebra connections 
245 0 |c Ira J. Papick 
260 |a New Jersey 
260 |b Pearson Prentice Hall 
260 |c 2006 
650 |a algebra,geometry 
650 |x study and teaching (middle school),study and teaching (middle school) 
904 |i Tuyến 
980 |a Trung tâm Học liệu Trường Đại học Cần Thơ